| 000 | 00000nam##2200000za#4500 |
| 001 | 9.602170 |
| 003 | CaOODSP |
| 005 | 20210624210433 |
| 007 | cr ||||||||||| |
| 008 | 150406|2000||||xxc|||||o f|0| 0 fre|d |
| 040 | |aCaOODSP|bfre |
| 043 | |an-cn--- |
| 086 | 1 |aNH18-23/64F-PDF |
| 110 | 2 |aSociété canadienne d'hypothèques et de logement. |
| 245 | 10|aGuide des partenariats de logement abordable |h[ressource électronique] |
| 260 | |aOttawa - Ontario : |bSociété canadienne d'hypothèques et de logement |c[2000]. |
| 300 | |a6p. |
| 490 | 1 |aLe point en recherche. Série socio-économique |v64 |
| 504 | |aBibliographie. |
| 590 | |a11-23-Supp|b2011-10-17 |
| 691 | 07|aLogement|2gcpds |
| 775 | 08|tGuide to affordable housing partnerships |w(CaOODSP)9.571743 |
| 776 | 0#|tGuide des partenariats de logement abordable |w(CaOODSP)9.625407 |
| 830 | #0|aLe point en recherche. Série socio-économique ;|v64|w(CaOODSP)9.501568 |
| 856 | 40|ahttp://publications.gc.ca|qPDF|s123 Ko|uhttps://publications.gc.ca/collections/Collection/NH18-23-64F.pdf|y64 |